000 01973nam a22002177a 4500
999 _c58301
_d58301
003 Ge_BSU
005 20211101140027.0
008 211101s2021 ge ||||| |||| 00| 0 geo d
020 _a9789941968198
041 _ageo
080 _a902.2(479.22) ს-32
245 _aსაქართველოს არქეოლოგიის ნარკვევები (ძვ.წ. V - ახ. წ. V სს) /
_cპროექტის ხელმძღვანელი გელა გამყრელიძე ; საქართველოს ეროვნული მუზეუმის ოთარ ლორთქიფანიძის სახ. არქეოლოგიური კვლევის ინსტიტუტი, ჟურნალ - იბერია-კოლხეთის - დამატება, I.
264 _aთბილისი,
_c2021.
300 _a684 გვ. :
_bტაბ. ;
_c29 სმ.
500 _aყდაზე: არმაზციხის არქეოლოგიური გათხრების ხედი (ფოტო - ვ. ნიკოლაიშვილის), უკანა მხარეს, საქართველოს ეროვნული მუზეუმის ხედი (ფოტო - გ. გამყრელიძის). ეძღვნება ოთარ ლორთქიფანიძის ხსოვნას.
504 _aბიბლიოგრაფია: გვ. 483-549.
653 _aარქეოლოგია
700 _aგამყრელიძე, გელა
_eპროექტის ხელმძღვანელი
_912777
710 _aსაქართველოს ეროვნული მუზეუმი. ოთარ ლორთქიფანიძის სახ. არქეოლოგიური კვლევის ინსტიტუტი.
_912778
942 _2udc
_cBK